| 000 -CABECERA |
| Longitud fija campo de control |
00758nam a2200205 a 4500 |
| 001 - NÚMERO DE CONTROL |
| Número de control |
1180 |
| 003 - IDENTIFICADOR DEL NÚMERO DE CONTROL |
| Identificador del número de control |
CDMR |
| 005 - FECHA Y HORA DE LA ÚLTIMA TRANSACCIÓN |
| Fecha y hora de la última transacción |
20240123162059.0 |
| 008 - CÓDIGOS DE INFORMACIÓN DE LONGITUD FIJA |
| Códigos de información de longitud fija |
130130s1991||||||||||||||||||||||||||||d |
| 040 ## - FUENTE DE LA CATALOGACIÓN |
| Centro catalogador de origen |
CDMR |
| Lengua de catalogación |
cat |
| Centro transcriptor |
CDMR |
| 100 1# - PUNTO DE ACCESO PRINCIPAL-NOMBRE DE PERSONA |
| Nombre de persona |
Casasús, Josep Maria |
| 9 (RLIN) |
799 |
| 245 10 - MENCIÓN DE TÍTULO |
| Título |
Enric Prat de la Riba, periodista |
| Mención de responsabilidad, etc. |
/ [Josep Maria Casasús i Guri] |
| 260 ## - PUBLICACIÓN, DISTRIBUCIÓN, ETC. (PIE DE IMPRENTA) |
| Lugar de publicación, distribución, etc. |
Castellterçol : |
| Nombre del editor, distribuidor, etc. |
Casa-Museu Prat de la Riba, |
| Fecha de publicación, distribución, etc. |
1991 |
| 300 ## - DESCRIPCIÓN FÍSICA |
| Extensión |
32 p. |
| 490 0# - MENCIÓN DE SERIE |
| Mención de serie |
Annals |
| Designación de volumen o secuencia |
; 7 |
| 505 ## - NOTA DE CONTENIDO CON FORMATO |
| Nota de contenido con formato |
Conté: conferència "Prat de la riba periodista", de Josep Maria Casasús i Guri, pronunciada el dia 1 d'agost de 1991, a la Casa-Museu Prat de la Riba de Castellterçol |
| 600 1# - PUNTO DE ACCESO ADICIONAL DE MATERIA - NOMBRE DE PERSONA |
| 9 (RLIN) |
924 |
| Nombre de persona |
Prat de la Riba, Enric |
| 650 04 - PUNTO DE ACCESO ADICIONAL DE MATERIA - TÉRMINO DE MATERIA |
| 9 (RLIN) |
3139 |
| Término de materia o nombre geográfico como elemento inicial |
Periodistes catalans |
| Subdivisión de forma |
Biografia |
| 942 ## - ENTRADA DE ELEMENTOS AGREGADOS (KOHA) |
| Koha [por defecto] tipo de item |
Ponències / Comunicacions |
| Fuente de clasificaión o esquema |
|